Statistiken für Länder mit den meisten Kathedralen

Klicken Sie hier um das Quiz zu spielen!

Allgemein

  • Dieses Quiz wurde 1,452 mal gespielt
  • Das Durchschnittsergebnis liegt bei 15 aus 20

Antwortstatistiken

# Land % Korrekt
405Italien
98%
29Deutschland
98%
89Spanien
97%
183Frankreich
96%
223Vereinigte Staaten
93%
280Brasilien
90%
69Argentinien
87%
93Mexiko
84%
62Polen
84%
68Kanada
82%
42Vereinigtes Königreich
74%
34Peru
73%
80Kolumbien
73%
30Australien
68%
39Venezuela
68%
71China
64%
192Indien
60%
37Indonesien
43%
89Philippinen
38%
54Nigeria
29%

Verteilung der Resultate

Perzentil nach korrekt beantworteten Fragen

Anzahl Personen mit jedem Resultat

Ihre Resultats-Entwicklung

Sie haben dieses Quiz noch nicht gespielt